000 00450cam a22001457a 4500
008 180718b1911 xxu||||| |||| 00| 0 eng d
082 _aA6x42 P759
100 _aLow, Sidney
245 _aHistory of England: during the regin to Victoria (1837-1901)
_cby Sidney Low and Lloyd C. Sanders
260 _aLondon
_bLongmans
_c1911
300 _a12v.
500 _aContents; v.12., 532p.
650 _aGreat Britain --History
700 _aSanders, Lloyd C.
999 _c432933
_d432933